banner-ar

تأليف التمثيلية التليفزيونية / (Record no. 48160)

MARC details
000 -الفاتح
حقل البيانات ثابتة الطول 00741nam a2200217Ia 4500
008 - عناصر البيانات ثابتة الطول - معلومات عامة
حقل البيانات ثابتة الطول 140319s9999 xx 000 0 ara d
040 ## - مصدر الفهرسة
وكالة الفهرسة الأصلية GCL /
وكالة النسخ GCL
082 04 - رقم تصنيف ديوى العشرى
رقم التصنيف 812.024
رقم المادة ب ت
100 1# - المدخل الرئيسى - إسم شخصى
الإسم الشخصى تماضر توفيق (مترجم)
245 10 - بيان العنوان
العنوان تأليف التمثيلية التليفزيونية /
بيان المسئوليه,etc تماضر توفيق (مترجم)
700 1# - المدخل الاضافى - اسم شخصى
الإسم الشخصى بارتليت، سيربازيل
700 1# - المدخل الاضافى - اسم شخصى
الإسم الشخصى عزت النصيرى
300 ## - الوصف المادى
التعداد 179 ص
490 ## - بيان السلسلة
عنوان السلسلة الجمهورية العربية المتحدة وزارة الثقافة
رقم المجلد/ التعيين التسلسلي 0
650 04 - المدخل الاضافى بالموضوع-مصطلح موضوعى
مصطلح موضوعي الادب العربى
650 04 - المدخل الاضافى بالموضوع-مصطلح موضوعى
مصطلح موضوعي التليفزيون
650 04 - المدخل الاضافى بالموضوع-مصطلح موضوعى
مصطلح موضوعي الدراما
650 04 - المدخل الاضافى بالموضوع-مصطلح موضوعى
مصطلح موضوعي التمثيلية التليفزيونية
942 ## - عناصر المدخل الإضافي( كوها)
مصدر التصنيف او مخطط الترفيف Dewey Decimal Classification
Koha [default] item type كتاب
Holdings
حالة التراجع حالة الفقد حالة تلف ليس للاعارة المكان المؤقت الموقع الحالى تاريخ الاكتساب اجمالي اﻻعارات رقم الطلب الباركود تاريخ اخر مشاهدة تاريخ تفعيل السعر نوع وعاء كوها
        مكتبة القاهرة الكبرى مكتبة القاهرة الكبرى 03/26/2014   812.024\ب ت 116227 03/26/2014 03/26/2014 كتاب

Powered By

EGPV